Circular con motivo de la coronación de la imagen de Guadalupe que se venera en el Tepeyac

Detalles Bibliográficos
Autor Corporativo: Diócesis de Querétaro (México)
Otros Autores: Camacho y García, Rafael Sabás, ob. de Querétaro, 1826-1908
Formato: Libro
Lenguaje:Spanish
Publicado: Querétaro : s.n., 1887.
Materias:
Colección:Banco de datos
Acervo:Seminario Conciliar de Nuestra Señora de Guadalupe Querétaro. Qro.. Biblioteca Florencio Rosas. Fondo Histórico
Descripción Física:[1] h. ; 21 cm.
Tema general:Derecho eclesiástico
LEADER 00707nam a22001930004500
035 |a 1430 
041 0 |a spa 
110 1 |a Diócesis de Querétaro (México) 
240 0 0 |a Circular, 1887-04-23 
245 1 0 |a Circular con motivo de la coronación de la imagen de Guadalupe que se venera en el Tepeyac 
260 |a Querétaro : s.n., 1887. 
300 |a [1] h. ; 21 cm.  
501 |a 23 obras 
650 1 0 |a Derecho eclesiástico 
700 1 |a Camacho y García, Rafael Sabás, ob. de Querétaro, 1826-1908 
949 |a Fondo Histórico: 3786-J 
942 |c Q.R.H.T 
943 |g Seminario Conciliar de Nuestra Señora de Guadalupe Querétaro. Qro.. Biblioteca Florencio Rosas. Fondo Histórico 
999 |c 1082885  |d 1082885